Statistics for 4-Letter Birds by Clue

Click here to take the quiz!

General Stats

  • This quiz has been taken 46 times
    (24 since last reset)
  • The average score is 17 of 39

Answer Stats

HintAnswer% Correct
Often used to refer to the whole corvid genusCrow
88%
(Small) pigeonDove
88%
Like a goose, but smallerDuck
88%
National animal of New ZealandKiwi
88%
One might steal your chips at the beachGull
81%
Large bird of prey found worldwideHawk
81%
Bird considered sacred in ancient EgyptIbis
81%
What the ugly duckling actually wasSwan
81%
Seabird usually with white plumage and a black capTern
81%
Corvid sharing its name with a chess pieceRook
75%
Large flightless bird native to South AmericaRhea
69%
Waterbird similar to crakes and gallinulesRail
63%
Bird of prey named because of the way its wings and tail catch the windKite
56%
Goose which is the state bird of HawaiiNene
56%
Small brown bird of the Americas, or a colourful bird of AustralasiaWren
56%
Common Hawaiian bird also known as the scarlet honeycreeperI'iwi
44%
Cormorant with a crestShag
44%
Predatory, piratic seabird also known as the bonxieSkua
44%
Waterbird with entirely black plumage and a usually white billCoot
38%
Bird depicted on the Canadian one-dollar coinLoon
38%
Small, pretty dabbling duckTeal
38%
Terrestrial bird in the cuckoo family, endemic to MadagascarCoua
31%
Crested grey bird endemic to New CaledoniaKagu
31%
Endangered New Zealand parrotKaka
31%
Colourful parrot popular as a petLory
31%
Small, migratory crake of North AmericaSora
31%
Widespread, usually brown songbirdLark
25%
One of only three birds considered to be in the world's 100 most invasive speciesMyna
25%
Tiny Caribbean bird resembling a small kingfisherTody
25%
Small red weaver native to Madagascar and surrounding islandsFody
19%
South American hummingbird with a white breastInca
19%
Flightless rail-like bird of New ZealandWeka
19%
Insectivorous songbird formerly classified in the thrush familyChat
13%
Turkey-like Latin American bird related to curassows and chachalacasGuan
13%
Large, sexually dimorphic cuckoo with a distinctive callKoel
13%
Raptor alternatively known as the crested hawkBaza
6%
Medium-sized, migratory shorebird which breeds in the ArcticKnot
6%
Green, sexually dimorphic bird native to South and Southeast AsiaIora
0%
Small green warbler endemic to MadagascarJery
0%

Score Distribution

Percentile by Number Answered

Percent of People with Each Score

Your Score History

You have not taken this quiz since the last reset